|
|
|
|
| LEADER |
00000nam0a2200000 4500 |
| 001 |
261632 |
| 005 |
20231101233600.0 |
| 035 |
|
|
|a (RuTPU)RU\TPU\book\284613
|
| 090 |
|
|
|a 261632
|
| 100 |
|
|
|a 20140526d1987 m y0rusy50 ca
|
| 101 |
0 |
|
|a rus
|
| 102 |
|
|
|a RU
|
| 105 |
|
|
|a a j 001zy
|
| 200 |
1 |
|
|a Электропривод и электрификация приисков
|e учебное пособие
|f Г. А. Багаутинов, А. П. Маругин
|g Свердловский горный институт им. В. В. Вахрушева
|
| 210 |
|
|
|a Свердловск
|c Изд-во СГИ
|d 1987
|
| 215 |
|
|
|a 72 с.
|c ил.
|
| 320 |
|
|
|a Библиогр.: с. 69.
|
| 606 |
1 |
|
|a Рудничные электроприводы
|2 stltpush
|3 (RuTPU)RU\TPU\subj\25891
|9 49938
|
| 610 |
1 |
|
|a учебные пособия
|
| 610 |
1 |
|
|a электрификация
|
| 610 |
1 |
|
|a прииски
|
| 610 |
1 |
|
|a электрооборудование
|
| 610 |
1 |
|
|a буровые станки
|
| 610 |
1 |
|
|a гидромеханизация
|
| 675 |
|
|
|a 622.002.5-83(075.8)
|v 3
|
| 700 |
|
1 |
|a Багаутинов
|b Г. А.
|g Геннадий Атрахманович
|
| 701 |
|
1 |
|a Маругин
|b А. П.
|g Анатолий Петрович
|
| 712 |
0 |
2 |
|a Свердловский горный институт им. В. В. Вахрушева
|c (1934-1991)
|2 stltpush
|3 (RuTPU)RU\TPU\col\6743
|9 24264
|
| 801 |
|
1 |
|a RU
|b 63413507
|c 20140526
|
| 801 |
|
2 |
|a RU
|b 63413507
|c 20150325
|g RCR
|
| 942 |
|
|
|c BK
|